Energy assesment and reporting method (Record no. 106014)
[ view plain ]
| 000 -LEADER | |
|---|---|
| fixed length control field | 01228cam a2200289 4500 |
| 001 - CONTROL NUMBER | |
| control field | ##L135346 |
| 008 - FIXED-LENGTH DATA ELEMENTS--GENERAL INFORMATION | |
| fixed length control field | 061017n2006 000 0 eng u |
| 020 ## - INTERNATIONAL STANDARD BOOK NUMBER | |
| International Standard Book Number | 190328760X |
| 035 ## - SYSTEM CONTROL NUMBER | |
| System control number | (Sirsi) u135346 |
| 041 0# - LANGUAGE CODE | |
| Language code of text/sound track or separate title | eng |
| 050 04 - LIBRARY OF CONGRESS CALL NUMBER | |
| Classification number | 697 $2 18 |
| 110 2# - MAIN ENTRY--CORPORATE NAME | |
| Corporate name or jurisdiction name as entry element | Chartered Institution of Building Services Engineers |
| 9 (RLIN) | 2360 |
| 245 00 - TITLE STATEMENT | |
| Title | Energy assesment and reporting method |
| 250 ## - EDITION STATEMENT | |
| Edition statement | 2nd ed |
| 260 ## - PUBLICATION, DISTRIBUTION, ETC. | |
| Place of publication, distribution, etc. | London |
| Name of publisher, distributor, etc. | CIBSE |
| Date of publication, distribution, etc. | 2006 |
| 300 ## - PHYSICAL DESCRIPTION | |
| Extent | 26p. |
| Other physical details | ill. |
| Dimensions | 30cm. |
| 350 ## - PRICE (NR) (BK AM CF MU VM SE) [OBSOLETE] | |
| Price | 58.00 |
| 505 1# - FORMATTED CONTENTS NOTE | |
| Formatted contents note | The EU Directive on energy performance of buildings -- Tools for building professionals -- Description of the TM22 procedure -- Specifying an assesment -- Using the software |
| 520 ## - SUMMARY, ETC. | |
| Summary, etc. | Makes available a procedure for assessing the energy and systems performance of buildings, and to provide support for legislative developments on the energy labelling of buildings including the EU Energy performance of Buildings Directive. |
| 520 ## - SUMMARY, ETC. | |
| Summary, etc. | Includes CD-ROM containing TM 22 tutorial. |
| 590 ## - LOCAL NOTE (RLIN) | |
| Local note | IKA141106 |
| 650 24 - SUBJECT ADDED ENTRY--TOPICAL TERM | |
| Topical term or geographic name entry element | DIRECTIVE 2002/91/EC |
| 650 24 - SUBJECT ADDED ENTRY--TOPICAL TERM | |
| Topical term or geographic name entry element | CIBSE TM22 PROCEDURE |
| 651 #4 - SUBJECT ADDED ENTRY--GEOGRAPHIC NAME | |
| Geographic name | United Kingdom |
| Chronological subdivision | |
| 690 ## - LOCAL SUBJECT ADDED ENTRY--TOPICAL TERM (OCLC, RLIN) | |
| Topical term or geographic name as entry element | ENVIRONMENTAL AND LAND CONSULTANCY-ENERGY-ENERGY USE-ENERGY USE ASSESSMENT |
| 942 ## - ADDED ENTRY ELEMENTS (KOHA) | |
| Suppress in OPAC | 0 |
| Withdrawn status | Lost status | Source of classification or shelving scheme | Damaged status | Not for loan | Home library | Current library | Shelving location | Date acquired | Cost, normal purchase price | Total Checkouts | Full call number | Barcode | Date last seen | Date last checked out | Copy number | Cost, replacement price | Price effective from | Koha item type |
|---|---|---|---|---|---|---|---|---|---|---|---|---|---|---|---|---|---|---|
| Dewey Decimal Classification | London | London | Books | 10/11/2006 | 58.00 | 6 | F697 CIB | 30073449 | 06/08/2019 | 02/10/2008 | 1 | 58.00 | 06/08/2019 | Book |